01247nam a2200253 a 450000100100000000500170001000800410002704000250006808200160009310000250010924501570013425000110029126000350030230000210033749000310035850000270038959000750041670000290049170000380052083000380055895201930059695201870078999900170097600001861820200929165830.0100512s1960 cu r 000 f spa d aDO-SdBNPbspacBNPHU axxxxbH587t1 aHessen, Johan94024113aTeoría del conocimiento. /cJ. Hessen ; prólogo especial para esta edición por Francisco Romero traducción directa del alemán por José Gaos. a5a ed. aBuenos Aires :bLosada,c1960. a503 p. ;c18 cm.1 aBiblioteca contemporánea aTraducido del alemán aPerteneció a la biblioteca personal de Juan Isidro Jimenes Grullón1 aGaos, Joséetr.9113421 aRomero, Franciscoepról.940242 0aBiblioteca contemporánea914729 001054708MOaGRbGRcCTd2010-05-12iLF1l0oxxxx H587tp18618-10r2020-06-25w2020-06-25y4zPerteneció a la biblioteca personal de Juan Isidro Jimenes -GrullónZPréstamo en sala 001050718MOaGRbGRcCTd2011-10-25iLF1l0oxxxx H587tp18618-20r2020-06-25w2020-06-25y1zPerteneció a la biblioteca personal de Juan Isidro Jimenes -GrullónZNo se presta c18138d18138